Our family has cancer, too! (Record no. 133517)
[ view plain ]
| 000 -LEADER | |
|---|---|
| fixed length control field | 01438nam a2200337Ia 4500 |
| 082 04 - DEWEY DECIMAL CLASSIFICATION NUMBER | |
| Classification number | 362.1/96994 |
| 100 1# - MAIN ENTRY--AUTHOR NAME | |
| Personal name | Clifford, Christine K., |
| 245 10 - TITLE STATEMENT | |
| Title | Our family has cancer, too! |
| 260 ## - PUBLICATION, DISTRIBUTION, ETC. (IMPRINT) | |
| Place of publication | Duluth, MN : |
| Name of publisher | Pfeifer-Hamilton Publishers, |
| Year of publication | c1998. |
| 300 ## - PHYSICAL DESCRIPTION | |
| Number of Pages | 54 p. : |
| Other physical details | ill. |
| 520 ## - SUMMARY, ETC. | |
| Summary, etc | When their mother is diagnosed with cancer, sixth grader Tim and his younger brother visit her in the hospital, learn about radiation and chemotherapy, and help with the chores at home. |
| 650 #0 - SUBJECT ADDED ENTRY--TOPICAL TERM | |
| Topical Term | Cancer |
| Topical Term | Tumors |
| 700 1# - ADDED ENTRY--PERSONAL NAME | |
| Personal name | Lindstrom, Jack. |
| 856 40 - ELECTRONIC LOCATION AND ACCESS | |
| Uniform Resource Identifier | http://site.ebrary.com/lib/rucke/Doc?id=10159657 |
No items available.
